[Event "50th Biel Festival 2017"]
[Site "Biel"]
[Date "2017.07.24"]
[Round "1"]
[White "Bacrot, Etienne"]
[Black "Ponomariov, Ruslan"]
[Result "1/2-1/2"]
[WhiteElo "2715"]
[BlackElo "2699"]
[Annotator "TA"]
[PlyCount "88"]
[EventDate "2017.??.??"]
[EventType "tourn"]
[EventCountry "SUI"]
[SourceTitle "playchess.com"]
[Source "ChessBase"]
[SourceQuality "1"]

{[%evp 16,88,28,13,27,18,21,23,19,21,32,9,42,31,64,44,55,41,41,50,43,36,50,54,56,45,52,46,53,57,66,51,91,78,85,58,79,75,81,51,51,51,51,51,51,51,47,51,64,58,52,51,52,52,84,69,71,64,88,84,90,71,64,70,64,64,85,0,0,0,60,0,6,0,79]} 1. e4 c6 2. Nf3 d5 3. Nc3 Bg4 4. d4 Nf6 5. h3 Bxf3 6. Qxf3 dxe4 7. Qe3 Nbd7 8. Nxe4 Nxe4 9. Qxe4 g6 {B11: Caro-Kann: Two Knights Variation} (9... Nf6 $5 {[%cal Rf6e4]} 10. Qe3 e6 $11) 10. Be2 Bg7 11. O-O O-O {White has an edge.} 12. Rd1 Re8 13. c3 {[#]} Qc7 $146 ({Predecessor:} 13... e5 14. dxe5 Rxe5 15. Qc2 Qe7 {½-½ (64) Moskalenko,A (2488)-Berkes,F (2648) Moscow 2017}) 14. d5 c5 15. Bf4 Be5 16. Be3 Rac8 17. a4 {[%cal Ba2a4,Ba4a5][%mdl 32]} Red8 18. a5 Nf6 19. Qf3 Kg7 20. a6 {aiming for axb7.} Rb8 21. axb7 Rxb7 22. Ra2 Rdb8 23. Bc1 Ne8 24. Qe3 Bf6 25. Ra6 Qe5 26. Qxe5 Bxe5 27. Ra5 Rxb2 28. Bxb2 Rxb2 29. Bd3 Bxc3 30. Rxc5 Bb4 31. Rc2 Rxc2 32. Bxc2 $14 {[%mdl 4096] Endgame KRB-KBN} a5 33. f4 h5 34. Kf2 Kf6 35. Kf3 Nd6 36. Ba4 Nf5 37. Bd7 Nh4+ 38. Kf2 Bc5+ 39. Kf1 Nf5 40. Ke2 $1 Bd6 41. Kf3 (41. g4 $16 Nh4 42. g5+ Kg7 43. Rd4) 41... Nh4+ $11 42. Kf2 (42. Kg3 $11 g5 43. Ra1) 42... Bc5+ $14 43. Kf1 (43. Kg3 $1 $14 Nf5+ 44. Bxf5 Kxf5 45. Kf3) 43... Nf5 $11 {White should prevent ...Ne3+.} 44. Ke2 (44. Ra1 $11) 44... Bd6 $1 {Precision: White = 52%, Black = 56%.} 1/2-1/2

[Event "50th Biel Festival 2017"]
[Site "Biel"]
[Date "2017.07.24"]
[Round "1"]
[White "Morozevich, Alexander"]
[Black "Hou, Yifan"]
[Result "0-1"]
[WhiteElo "2675"]
[BlackElo "2666"]
[Annotator "TA"]
[PlyCount "74"]
[EventDate "2017.??.??"]
[EventType "tourn"]
[EventCountry "SUI"]
[SourceTitle "playchess.com"]
[Source "ChessBase"]
[SourceQuality "1"]

{[%evp 20,74,-33,-31,-8,-40,-21,-32,0,-27,0,-17,0,-17,0,0,-8,-16,-12,-17,-5,-16,-12,-64,3,-96,-112,-131,-101,-180,-200,-186,-145,-277,-200,-198,-195,-256,-256,-248,-241,-269,-247,-341,-359,-354,-356,-350,-334,-354,-329,-320,-299,-392,-432,-421,-380]} 1. Nf3 Nf6 2. g3 d5 3. Bg2 e6 4. O-O Be7 5. d3 O-O 6. Nbd2 c5 7. e4 Nc6 8. Re1 Qc7 9. c3 b6 10. e5 Nd7 11. Qe2 a5 {[%cal Ba7a5,Ba5a4][%mdl 32] C00: French: Unusual White 2nd moves} 12. Nf1 a4 13. Bf4 Bb7 {Black is slightly better.} 14. h4 {[#]} Rfc8 $146 ({Predecessor:} 14... d4 15. c4 b5 16. cxb5 Nb4 17. a3 Nd5 18. Bg5 Ra5 19. Rac1 Qd8 {½-½ (37) Bruzon Batista,L (2679)-Yilmaz,M (2594) Dubai 2016}) 15. Ne3 Qd8 16. h5 b5 17. Nxd5 exd5 18. e6 Nf8 $1 {[%cal Rf8e6]} 19. exf7+ Kxf7 20. h6 Bf6 21. Nh2 (21. Bh3 $11 gxh6 22. d4) 21... Ne7 ({Black should play} 21... Kg8 $15 22. Ng4 Na5) 22. Bh3 {[#]} (22. Ng4 Neg6 $17) (22. hxg7 $1 $11 {keeps the balance.} Kxg7 23. Ng4) 22... Rc6 $1 $17 23. Ng4 Neg6 24. Bd2 ({But not} 24. Nxf6 $2 Nxf4 25. gxf4 Rxf6 $19) (24. hxg7 $17 {was called for.} Kxg7 25. Bh6+ Kh8 26. Nxf6 Qxf6 27. f4) 24... d4 $19 25. hxg7 Kxg7 26. Qf3 (26. Nxf6 $17 {might work better.} Qxf6 27. cxd4) 26... Rb6 27. Qf5 Qd5 {[%csl Gb7][%cal Rd5h1]} 28. Bh6+ (28. Qxd5 $142 Bxd5 29. Nxf6 Kxf6 30. cxd4 cxd4 31. Rac1) 28... Kf7 {[%csl Gb7][%cal Rd5h1]} 29. Qxd5+ Bxd5 30. Nxf6 Rxf6 (30... Kxf6 31. cxd4 cxd4 32. f4 $17) 31. cxd4 {[#]} Nh4 $1 {[%mdl 512]} 32. gxh4 {Black must now prevent Bg5.} Rxh6 33. Re5 Rd8 ({Much less strong is} 33... Rxh4 34. Rf5+ Kg6 35. Rxd5) 34. Rf5+ Rf6 35. dxc5 Ng6 36. c6 Bxc6 37. Rc1 {Rxc6 is the strong threat.} Rdd6 {Precision: White = 26%, Black = 63%.} 0-1

[Event "50th Biel Festival 2017"]
[Site "Biel"]
[Date "2017.07.24"]
[Round "1"]
[White "Vaganian, Rafael A"]
[Black "Harikrishna, P.."]
[Result "1/2-1/2"]
[WhiteElo "2562"]
[BlackElo "2737"]
[Annotator "TA"]
[PlyCount "41"]
[EventDate "2017.??.??"]
[EventType "tourn"]
[EventCountry "SUI"]
[SourceTitle "playchess.com"]
[Source "ChessBase"]
[SourceQuality "1"]

{[%evp 25,41,25,27,18,32,20,12,0,0,-18,-21,-8,-23,-32,0,0,0,-29]} 1. d4 e6 2. c4 Nf6 3. Nf3 d5 4. Nc3 Bb4 5. Bg5 dxc4 6. e4 c5 7. Bxc4 cxd4 8. Nxd4 Bxc3+ 9. bxc3 Qa5 10. Bb5+ Nbd7 11. Bxf6 Qxc3+ 12. Kf1 gxf6 13. h4 a6 14. Rh3 {D39: Queen's Gambit Declined: Ragozin Defence with 5 Bg5 dxc4} Qb4 15. Be2 {[%mdl 1024] White has compensation.} Ne5 {[#]} 16. a3 $146 (16. Rb1 $5 {[%cal Rb1b4]} Qd6 17. Rc3 $14) ({Predecessor:} 16. Rb1 Qd6 17. Rc3 O-O 18. h5 Rd8 19. Qb3 Bd7 20. Rd1 Qf8 21. Rc7 {½-½ (41) Giri,A (2769)-Harikrishna,P (2758) Shenzhen 2017}) 16... Qd6 17. Ra2 Bd7 18. Rd2 {And now Nb5 would win.} Qc7 19. Rc2 Qd6 20. Rd2 Qc7 21. Rc2 1/2-1/2

[Event "50th Biel Festival 2017"]
[Site "Biel"]
[Date "2017.07.24"]
[Round "1"]
[White "Georgiadis, Nico"]
[Black "Navara, David"]
[Result "1/2-1/2"]
[WhiteElo "2496"]
[BlackElo "2737"]
[Annotator "TA"]
[PlyCount "118"]
[EventDate "2017.??.??"]
[EventType "tourn"]
[EventCountry "SUI"]
[SourceTitle "playchess.com"]
[Source "ChessBase"]
[SourceQuality "1"]

{[%evp 30,118,8,12,5,0,9,13,45,0,0,-9,18,14,12,0,9,-5,0,-11,-12,-76,-76,-81,-88,-94,-84,-85,-72,-105,-118,-111,-7,-20,0,0,0,0,0,0,0,0,0,0,0,0,0,0,0,0,0,0,0,0,0,0,0,0,0,0,0,0,0,0,0,0,0,0,0,0,0,0,0,0,0,0,0,0,0,0,0,0,0,0,0,0,0,0,0,0,0]} 1. e4 c5 2. Nf3 d6 3. d4 cxd4 4. Nxd4 Nf6 5. Nc3 a6 6. Be2 e6 7. O-O Be7 8. f4 O-O 9. a4 Nc6 10. Kh1 Qc7 11. Be3 Nxd4 12. Qxd4 Bd7 13. e5 {B85: Sicilian Scheveningen: 6 Be2 a6, lines with early Be3} Ne8 14. Bf3 Bc6 15. Ne4 Rd8 16. Qc3 {LiveBook: 4 Games} Rc8 17. a5 {[#]} dxe5 $146 (17... Qb8 $5 {[%cal Rc6e4]} 18. Qa3 Qc7 $11) ({Predecessor:} 17... f5 18. exf6 Nxf6 19. Qb3 Nd5 20. Nc3 Nxc3 21. Qxe6+ {½-½ (57) Nataf,I (2526)-Emms,J (2527) Mondariz 2000}) 18. fxe5 f5 19. exf6 (19. Bb6 {keeps more tension.} fxe4 20. Bg4 Rxf1+ 21. Rxf1 Qd7 22. Rd1) 19... Nxf6 20. Qb3 (20. Bb6 {with more complications.} Nd5 21. Qb3 Qe5 22. Bc5 Bxc5 23. Nxc5 Ne3 24. Nxe6 Bxf3 25. Rxf3 Rxf3 26. gxf3 Nc4 27. Nxg7 Kxg7 28. Qxb7+ Rc7 29. Rg1+) 20... Kh8 (20... Qe5 {is more complex.} 21. Nd2 Bxf3 22. Nxf3 Qd5 23. Qa4 Rc4) 21. Nxf6 Rxf6 22. Bxc6 Qxc6 $40 {[%mdl 128] White needs to defend precisely.} 23. Rxf6 gxf6 24. Rf1 Qe4 25. Qd3 (25. Bh6 $11 {remains equal.}) 25... Qxd3 $17 26. cxd3 {[%mdl 4096] Endgame KRB-KRB} Rd8 27. d4 Rd5 28. Rc1 Bd6 29. g4 Kg7 30. Rc8 {[#]} Rb5 (30... h5 $1 $17 {[%cal Rh5g4]} 31. h3 hxg4 32. hxg4 Rb5) 31. Rd8 $11 {The position is equal.} Bb4 32. h4 $1 Bf8 33. Rd7+ Kg8 34. h5 Rxb2 35. Rd8 Kf7 36. Rd7+ Be7 37. g5 Rb3 ({Wrong is} 37... fxg5 $2 38. Bxg5 Rb5 39. Bxe7 $18 (39. Rxe7+ Kf8 $14)) 38. Bf4 {[#] Threatens to win with Bd6.} e5 $1 {[%mdl 512]} 39. dxe5 fxe5 {[#]} 40. g6+ $1 {[%mdl 512]} hxg6 41. Bg5 $1 gxh5 ({Much weaker is} 41... Rb1+ 42. Kh2 $16) 42. Rxe7+ {KRB-KR} Kg6 43. Rxe5 (43. Bd2 {seems wilder.} Kf5 44. Rg7 b5 45. axb6 Rxb6 46. Rg5+) 43... Rb5 44. Rxb5 axb5 {KB-K3P} 45. Be7 Kf7 46. Ba3 Ke6 {And now ...Kd5 would win.} 47. Kg2 Kd5 48. Kg3 Kc4 49. Kh4 b4 50. Bb2 Kb3 (50... b3 $5 {[%cal Rc4d3]} 51. Kxh5 Kd3 $11) 51. Bg7 Kc2 {aiming for ...b3.} 52. Kxh5 {KB-KPP} b3 {Strongly threatening ...b2.} 53. Kg4 b2 {[#]} 54. Bxb2 $1 {[%mdl 512]} Kxb2 {KP-KP} 55. Kf3 Kc3 56. Ke3 Kc4 {( -> ...Kb5)} (56... Kb4 $5 57. a6 $8 bxa6 $11) 57. a6 bxa6 58. Kd2 Kb3 {...Kb2 is the strong threat.} 59. Kc1 a5 {Precision: White = 59%, Black = 73%.} (59... Ka2 $5) 1/2-1/2

[Event "50th Biel Festival 2017"]
[Site "Biel"]
[Date "2017.07.24"]
[Round "1"]
[White "Studer, Noel"]
[Black "Leko, Peter"]
[Result "0-1"]
[WhiteElo "2493"]
[BlackElo "2678"]
[Annotator "TA"]
[PlyCount "132"]
[EventDate "2017.??.??"]
[EventType "tourn"]
[EventCountry "SUI"]
[SourceTitle "playchess.com"]
[Source "ChessBase"]
[SourceQuality "1"]

{[%evp 21,132,0,0,0,0,0,0,0,0,0,8,-37,14,8,8,13,8,8,18,-40,-32,-27,-36,-37,0,-52,0,-60,-60,-58,-62,-56,-43,-43,-30,-63,-56,-26,-33,-37,0,0,0,6,15,-38,0,0,0,0,36,35,22,13,14,18,22,4,4,-399,-374,-648,-648,-645,-582,-2240,-5089,-5089,-5089,-1743,-1199,-12815,-12812,-1454,-893,-541,-368,-12823,-12820,-12823,-12826,-12833,-12833,-12841,-12833,-12838,-12840,-12842,-12846,-29943,-12850,-29942,0,-29948,-29948,-29963,-29964,-29964,-12843,-12685,-12593,-29960,-29961,-12731,-245,-29956,-29950,-29938,-8220,-29969,-29973,-6499,-6499]} 1. d4 Nf6 2. c4 e6 3. g3 c5 4. d5 exd5 5. cxd5 d6 6. Nc3 g6 7. Bg2 Bg7 8. Nf3 {[%cal Bg1f3,Bf3d2,Bd2c4][%mdl 32]} O-O 9. O-O Re8 10. Bf4 Ne4 11. Nxe4 Rxe4 12. Nd2 {A62: Modern Benoni: Fianchetto Variation without early ...Nbd7} Rxf4 $1 13. gxf4 Bxb2 14. Rb1 {The position is equal.} Bg7 15. e4 Nd7 16. Qf3 Bh6 ({Black should play} 16... b5 $1 $15) 17. Nc4 $11 Nb6 18. Ne3 Qh4 19. f5 $1 Nd7 20. Qg4 $146 (20. fxg6 $11 hxg6 21. Rb3) 20... Qxg4 $15 21. Nxg4 Bf4 22. fxg6 hxg6 23. Rb3 (23. Rfe1 $11) 23... b5 (23... c4 $15 24. Rf3 Bd2) 24. Rxb5 (24. Rf3 $11 Bd2 25. Rd1) 24... Ba6 25. Ra5 Be2 {[%mdl 1024] Black has compensation.} 26. Bh3 Bd2 27. Ra3 c4 28. Nh6+ Kg7 {...c3 is the strong threat.} 29. Bxd7 {Hoping for Ng4.} c3 30. Ba4 Rh8 31. Ng4 Bxg4 32. f3 $1 {[%cal Rf3g4]} Bh3 33. Rd1 (33. Rb1 $11) 33... Rb8 34. Rxd2 cxd2 $11 {[%mdl 4096] Endgame KRB-KRB} 35. Kf2 Rb2 36. Bd1 g5 {[%cal Bg6g5,Bg5g4][%mdl 32]} 37. Ke3 f5 38. Rxa7+ Kf6 39. Kd3 {next Kc3 is good for White.} g4 {Strongly threatening ...gxf3.} 40. Rh7 $2 {[%mdl 8192]} (40. exf5 $11 gxf3 41. Bxf3) 40... Bg2 $1 $19 41. Rh5 $2 (41. exf5 Bxf3 42. Be2) 41... Bxf3 42. Rxf5+ Kg6 43. Rxf3 gxf3 44. Bxf3 Rxa2 {KR-KB} 45. Bd1 Kg5 $1 46. Bc2 Kf4 47. Kxd2 Ra8 48. Kd3 Ke5 49. Bb1 $2 (49. Ke3) 49... Rh8 50. Kc4 Rxh2 51. Bd3 Rh8 52. Bc2 Rb8 53. Kd3 Ra8 54. Kc4 Ra3 55. Kb4 Rh3 (55... Re3 $142 56. Kc4 Re2 57. Kc3 Kf4 58. Bd3 Re1 59. Kd4 Rd1 60. Kc4 Ke3 61. Bc2 Rd2 62. Kb3 Rf2 63. Kc3 Rf8 64. Ba4 Kxe4 65. Bc6 Rf2 66. Bb7 Rf1 67. Kc2 Kd4 68. Bc6 Rf2+ 69. Kb3 Rf3+ 70. Kc2 Ra3 71. Kd2 Ra2+ 72. Ke1 Ke3 73. Kd1 Rb2 74. Kc1 Rd2 75. Ba8 Kd3 76. Bc6 Kc3 77. Bb7 Ra2 78. Kd1 Kd3 79. Ke1 Re2+ 80. Kf1 Re5 81. Kf2 Kd4 82. Kg3 Rxd5 83. Kf4 Ra5 84. Bh1 d5 85. Bg2 Kc3 86. Bf1 Ra4+ 87. Kg5 d4 88. Kf6 Ra1 89. Bb5 Rb1 90. Bd7 d3 91. Bg4 Re1 92. Bh5 d2 93. Bg4 Kd3 94. Kf7 Re2 $1 {[%mdl 512]} 95. Bf5+ Re4 $1 {[%mdl 512]} 96. Kg6 d1=Q 97. Kf6 Ke3 $1 {[%mdl 512]} 98. Bxe4 Kxe4 99. Kg6 Qd8 100. Kg7 Kf5 101. Kf7 Qd7+ 102. Kf8 Kf6 103. Kg8 Qg7#) 56. Kc4 Rh2 57. Bd3 Kf4 58. Bb1 Rb2 59. Bd3 Rd2 (59... Ke3 $142 60. Bf1 Kxe4 61. Kc3 Rh2 62. Bc4 Rh3+ 63. Kb4 Rh5 64. Kc3 Rh8 65. Ba2 Rb8 66. Bc4 Rc8 67. Kb3 Kd4 68. Bf1 Kxd5 69. Bd3 Ke5 70. Bg6 Rc7 71. Ka4 d5 72. Kb4 d4 73. Bd3 Kf4 74. Bg6 Ke3 75. Ka5 d3 76. Kb6 Rc8 77. Bh5 d2 78. Bd1 Rc1 79. Ba4 Kd3 80. Kb7 Ra1 81. Bc6 d1=Q 82. Kc8 Qb3 83. Kc7 Ra7+ 84. Kd6 Kd4 85. Bd7 Qf7 86. Kc6 Qxd7+ 87. Kb6 Qb7#) 60. Kc3 Ke3 61. Bb1 Rd1 62. Bc2 Rd4 $2 (62... Ra1 63. Kb3 Ra7) 63. Bb1 $2 {[#]} (63. Kb3 $19) 63... Ra4 $1 {[%cal Ra4a8]} 64. Bc2 Ra8 65. Bb1 Rc8+ 66. Kb3 Rb8+ {Precision: White = 37%, Black = 73%.} 0-1

[Event "50th Biel Festival 2017"]
[Site "Biel"]
[Date "2017.07.25"]
[Round "2"]
[White "Harikrishna, P.."]
[Black "Georgiadis, Nico"]
[Result "1/2-1/2"]
[WhiteElo "2737"]
[BlackElo "2496"]
[Annotator "TA"]
[PlyCount "110"]
[EventDate "2017.??.??"]
[EventType "tourn"]
[EventCountry "SUI"]
[SourceTitle "playchess.com"]
[Source "ChessBase"]
[SourceQuality "1"]

{[%evp 20,110,13,22,20,6,28,20,16,-27,-26,-22,-10,-39,-44,-52,-61,-70,-42,-112,-109,-105,-117,-110,-109,-128,-110,-123,-104,-134,-97,-99,-58,-95,-83,-89,-43,-50,-46,-74,-74,-79,-72,-70,-81,-64,-85,-106,-95,-98,-110,-100,-104,-105,-104,-102,-86,-114,-112,-141,-133,-134,-137,-134,-143,-150,-157,-166,-100,-118,-118,-152,-153,-165,-136,-137,-29,-38,-23,-35,-10,-18,-7,-9,-6,-6,-8,-24,0,0,0,0,0]} 1. Nf3 Nf6 2. g3 d5 3. Bg2 c5 4. O-O e6 5. b3 Nc6 6. Bb2 Be7 7. d4 cxd4 8. Nxd4 O-O 9. c4 Bd7 10. Nd2 Nxd4 11. Bxd4 Bc6 {D02: 1 d4 d5 2 Nf3 sidelines, including 2...Nf6 3 g3 and 2...Nf6 3 Bf4} 12. Rc1 Qa5 (12... Re8 13. e3 Ba3 14. Rc2 e5 15. Ba1 d4 16. exd4 exd4 17. Nb1 Bc5 18. Rd2 Bxg2 19. Kxg2 {½-½ (60) Siebrecht,S (2402)-Doettling,F (2443) Baden 1999}) 13. Qc2 $146 ({Predecessor:} 13. Rc2 Rfd8 14. Qa1 Rac8 15. Rd1 h5 16. cxd5 Bxd5 17. Nc4 Bxc4 18. bxc4 Qa4 19. Rcd2 {1-0 (45) Tsvetkov,A-Bobotsov,M Sofia 1950}) 13... Rfd8 14. c5 Nd7 {[%cal Bf6d7,Bd7c5,Bc5e6][%mdl 32]} 15. Nf3 f6 16. Qb2 e5 17. b4 Qa4 {...a5 is the strong threat.} 18. Bc3 a5 19. bxa5 (19. a3 $15) 19... Nxc5 $17 20. Nd2 Ne6 {Hoping for ...d4.} 21. Nb1 d4 {Strongly threatening ...Bxg2.} 22. Bd2 Bxg2 23. Kxg2 Qd7 24. Qb3 Qd5+ 25. f3 f5 26. Rfd1 h6 27. Be1 Qxb3 (27... e4 {keeps more tension.} 28. Kf1 e3 29. Rc4 Kh8 30. Nc3 Qxa5 31. Ra4 Qe5) 28. axb3 Rdc8 29. Kf1 Nc7 30. Nd2 Rxa5 31. f4 exf4 32. Nf3 Rc5 33. b4 Rxc1 34. Rxc1 {[#]} Bd6 $1 35. Nxd4 Rf8 36. Rd1 fxg3 37. hxg3 Rf6 38. Nf3 Re6 39. Nh4 g6 40. Nf3 Kf7 41. b5 Ke7 42. Bf2 Re4 43. b6 Nb5 ({Black should try} 43... Ne6 $19 44. Ra1 Nd8) 44. Rd3 Rc4 45. Nh4 Rg4 46. Kg2 Kd7 47. Kh3 Ke6 {[#]} ({Better is} 47... h5 $17 {And now ...Ke6 would win.} 48. Nf3 Ke6 49. Re3+ Kd5 50. Rd3+ Ke6 51. Re3+ Kd5 52. Rd3+ Ke6) 48. e4 $1 $11 {[%mdl 512]} Rxe4 {White must now prevent ...g5.} (48... fxe4 49. Rxd6+) 49. Nxg6 Na3 {With the idea ...Nc4.} 50. Be3 Nc4 51. Bxh6 Nxb6 52. Rb3 $1 {[%cal Rb3b6]} Rb4 53. Nf4+ Kf7 54. Rxb4 Bxb4 55. g4 fxg4+ {Precision: White = 49%, Black = 58%.} 1/2-1/2

[Event "50th Biel Festival 2017"]
[Site "Biel"]
[Date "2017.07.25"]
[Round "2"]
[White "Navara, David"]
[Black "Morozevich, Alexander"]
[Result "0-1"]
[WhiteElo "2737"]
[BlackElo "2675"]
[Annotator "TA"]
[PlyCount "81"]
[EventDate "2017.??.??"]
[EventType "tourn"]
[EventCountry "SUI"]
[SourceTitle "playchess.com"]
[Source "ChessBase"]
[SourceQuality "1"]

{[%evp 19,81,2,29,25,28,0,0,-30,-30,-20,-17,-16,-22,-63,-54,-55,-78,-70,-61,-54,-54,-118,-118,-180,-134,-142,-150,-135,-143,-145,-145,-156,-151,-154,-140,-170,-164,-221,-190,-191,-216,-217,-194,-243,-233,-201,-223,-274,-251,-242,-218,-598,-585,-697,-686,-677,-672,-757,-751,-12836,-12836,-12837,-12838,-29988]} 1. d4 Nf6 2. c4 g6 3. g3 c5 4. d5 Bg7 5. Bg2 O-O 6. Nf3 e6 7. Nc3 exd5 8. cxd5 d6 9. O-O Re8 10. Bf4 Na6 {[%cal Bb8a6,Ba6c5,Bc5d3][%mdl 32]} 11. Re1 {A62: Modern Benoni: Fianchetto Variation without early ...Nbd7} Bf5 12. Nh4 Bd7 13. e4 {[#] The position is equal.} c4 $146 ({Predecessor:} 13... Ng4 14. Nf3 c4 15. Qd2 Nc5 16. h3 Ne5 17. Nxe5 Bxe5 18. Bxe5 dxe5 19. Bf1 b5 20. b4 Nb7 21. a4 a6 22. axb5 {½-½ (22) Gonzalez Acosta,B (2478)-Ortiz Suarez,I (2611) Praia da Pipa 2014}) 14. Qd2 Nc5 15. Bxd6 Nd3 16. Nf3 Ng4 17. Re2 Qb6 18. Bf4 {[#]} Qxb2 $1 {[%mdl 512]} 19. Qxb2 Nxb2 20. Rc1 (20. e5 $15 Nd3 21. Rb1) 20... Nd3 $17 21. Rcc2 Nb4 22. Rc1 Bxc3 23. Rxc3 Nxd5 $1 24. Rc1 Nxf4 25. gxf4 b5 26. Rd2 Bc6 27. h3 Nf6 28. Rd6 (28. a4 $142) 28... Re6 $19 29. Rxe6 fxe6 30. Nd4 Rc8 ({Don't do} 30... Bxe4 31. Bxe4 Nxe4 32. Nxb5 $17) 31. e5 Bxg2 32. Kxg2 {[%mdl 4096] Endgame KRN-KRN} Nd5 33. Kf3 c3 {[%cal Bc4c3,Bc3c2][%mdl 32]} 34. Nxb5 Rc4 35. Nxa7 $2 (35. Ke2) 35... Nb4 {Black is clearly winning.} 36. Nb5 {[#]} c2 $1 37. Nd6 Rc5 38. Ne4 Nxa2 39. Nxc5 Nxc1 40. Ke3 Na2 41. Kd4 {Precision: White = 30%, Black = 94%.} 0-1

[Event "50th Biel Festival 2017"]
[Site "Biel"]
[Date "2017.07.25"]
[Round "2"]
[White "Bacrot, Etienne"]
[Black "Vaganian, Rafael A"]
[Result "1-0"]
[WhiteElo "2715"]
[BlackElo "2562"]
[Annotator "TA"]
[PlyCount "65"]
[EventDate "2017.??.??"]
[EventType "tourn"]
[EventCountry "SUI"]
[SourceTitle "playchess.com"]
[Source "ChessBase"]
[SourceQuality "1"]

{[%evp 23,65,114,109,78,118,111,112,112,121,118,104,102,103,114,108,100,97,118,118,118,118,105,120,115,127,128,218,247,234,239,339,341,344,345,337,308,372,372,346,353,372,337,435,440]} 1. e4 e6 2. d4 d5 3. Nc3 Bb4 4. e5 c5 5. a3 Ba5 6. b4 {[%cal Bb2b4,Bb4a5,Ba5a6,Ba6b7][%mdl 32]} cxd4 7. Qg4 Ne7 8. bxa5 dxc3 9. Qxg7 Rg8 10. Qxh7 Nbc6 11. Nf3 Qc7 12. Bf4 Bd7 13. a6 {C18: French: 3 Nc3 Bb4: Main line: 7 h4 and 7 Qg4} (13. Bg3 O-O-O 14. Qd3 Qxa5 15. Be2 Nf5 16. O-O Qc5 17. Rab1 Nce7 18. Rb4 Nxg3 19. hxg3 Rxg3 20. Qd4 Qxd4 21. Nxd4 {½-½ (31) Vallejo Pons,F (2713)-Del Rio de Angelis,S (2522) Linares 2016}) 13... O-O-O 14. Qd3 Rg4 15. axb7+ {White is better.} Kb8 16. g3 $1 Ng6 17. Qxc3 d4 18. Qc5 {h3 is the strong threat.} ({Not} 18. Nxd4 $2 Nxd4 19. Qxc7+ (19. Qxd4 $2 Bc6 $19) 19... Kxc7 $19) 18... Be8 19. h3 Rd5 $146 ({Predecessor:} 19... Rxf4 20. gxf4 Rd5 {1-0 (40) Brkic,A (2569)-Valsecchi,A (2479) Zurich 2016}) 20. Qc4 Rxf4 21. gxf4 Qa5+ {[#]} 22. Nd2 $1 {[%cal Bf3d2,Bd2b3,Bb3c5][%mdl 32] Black must now prevent Rg1.} Nxf4 {Threatens to win with ...Rc5.} 23. Kd1 {And now Rg1 would win.} Rd8 {[#]} 24. Nb3 $1 {[%cal Rb3a5]} Qc3 (24... Qb6 $16 25. Rg1 Nxe5) 25. Qxc3 $18 dxc3+ 26. Kc1 Nxe5 (26... Rd5 $142 27. Ba6 Rxe5) 27. Nc5 Nd7 28. Ne4 Nd5 29. Bc4 N7b6 30. Bxd5 exd5 31. Nxc3 Bc6 32. Rd1 Rg8 33. a4 {Precision: White = 91%, Black = 63%.} 1-0

[Event "50th Biel Festival 2017"]
[Site "Biel"]
[Date "2017.07.25"]
[Round "2"]
[White "Ponomariov, Ruslan"]
[Black "Leko, Peter"]
[Result "1-0"]
[WhiteElo "2699"]
[BlackElo "2678"]
[Annotator "TA"]
[PlyCount "91"]
[EventDate "2017.??.??"]
[EventType "tourn"]
[EventCountry "SUI"]
[SourceTitle "playchess.com"]
[Source "ChessBase"]
[SourceQuality "1"]

{[%evp 18,91,18,-13,0,-22,-12,-21,-18,-23,-25,-19,0,0,-6,-6,0,0,0,0,0,0,32,32,32,25,41,41,41,41,52,52,52,52,52,52,62,59,71,39,41,21,22,0,0,0,51,46,163,163,154,154,155,161,157,151,145,150,243,198,222,227,258,245,468,437,887,851,12839,12829,12833,1372,1356,1310,1295,1264]} 1. e4 e5 2. Nf3 Nc6 3. Bc4 Bc5 4. c3 Nf6 5. d3 O-O 6. Nbd2 a6 {C54: Giuoco Piano: 4 c3 Nf6, main lines with 5 d4 and 5 d3} 7. Bb3 (7. a4 d6 8. O-O Ba7 9. h3 Ne7 10. Re1 Ng6 11. d4 c6 12. Bf1 Be6 13. a5 exd4 14. cxd4 Re8 15. Ra4 h6 16. Qc2 Qd7 17. b3 Rac8 18. e5 {½-½ (54) Fedoseev,V (2703)-Kravtsiv,M (2653) Khanty-Mansiysk 2017}) 7... h6 8. h3 d6 9. Nf1 Be6 10. Ng3 {LiveBook: 16 Games} Bxb3 11. axb3 d5 12. O-O $146 ({Predecessor:} 12. Qe2 dxe4 13. dxe4 Qd7 14. b4 Bb6 15. Nh2 Rad8 16. Ng4 Nxg4 17. hxg4 {½-½ (31) Roy Chowdhury,S (2427)-Matta,V (2292) Mumbai 2009}) 12... dxe4 13. dxe4 Qxd1 14. Rxd1 Rfd8 15. Rxd8+ Rxd8 16. Kf1 a5 17. Ke2 Nd7 18. Ne1 Bf8 (18... Nf8 {feels hotter.} 19. Nf5 Ne6 20. Nd3 Bf8 21. g3 b6) 19. Be3 Nc5 20. Bxc5 Bxc5 21. Nd3 Bf8 22. h4 b6 23. h5 g6 24. Nf1 Kg7 25. Ne3 Be7 26. Rh1 Bg5 27. Nd5 Rd7 28. f3 gxh5 29. Rxh5 f5 30. g4 fxe4 31. fxe4 Rf7 ({Black should try} 31... Ne7 $11 32. Nxe5 Nxd5 33. Rxg5+ (33. Nxd7 Nf4+ 34. Kd1 Nxh5 $11) 33... hxg5 34. Nxd7 Nf6 35. Nxf6 Kxf6) 32. Rh3 Kg6 {[#]} (32... Rd7 $14) 33. b4 $1 $18 {[%cal Bb3b4,Bb4b5][%mdl 32] Strongly threatening b5.} Bf6 34. b5 Na7 35. Nxf6 Rxf6 36. Nxe5+ $16 {[%mdl 4096] Endgame KRN-KRN} Kg7 37. c4 Nc8 (37... Re6 $16) 38. Nd3 Nd6 39. e5 Re6 40. b3 a4 $2 {[#]} (40... Nf7 41. Re3 Kh7) 41. Re3 $18 {White is clearly winning.} a3 (41... Nb7 $142 42. bxa4 Re8) 42. exd6 a2 43. dxc7 a1=Q 44. c8=Q (44. Rxe6 $142 Qa8 45. Rxb6) 44... Qa2+ 45. Kf3 Rf6+ 46. Kg3 {Precision: White = 73%, Black = 43%.} 1-0